[Event "Brasilia Abertura op"]
[Site "Brasilia"]
[Date "2014.02.22"]
[Round "3"]
[White "Rocha, Tarciso"]
[Black "Leal, Sara Pereira"]
[Result "1/2-1/2"]
[WhiteElo "1857"]
[BlackElo "1793"]
[PlyCount "45"]
[EventDate "2014.02.21"]
[EventType "swiss"]
[EventRounds "5"]
[EventCountry "BRA"]
[SourceTitle "CBM 159 Extra"]
[Source "ChessBase"]
[SourceDate "2014.04.24"]
[SourceVersion "1"]
[SourceVersionDate "2014.04.24"]
[SourceQuality "1"]

1. d4 d5 2. c4 e6 3. Nf3 Nf6 4. Bg5 Be7 5. e3 0-0 6. Bd3 h6 7. Bh4 dxc4 8. Bxc4 c5 9. 0-0 cxd4 10. exd4 a6 11. Nc3 b5 12. Bb3 Bb7 13. Rc1 Nbd7 14. Ne2 Nd5 15. Bxe7 Nxe7 16. Qd2 Nb6 17. Rfd1 Rc8 18. Rxc8 Qxc8 19. Rc1 Qd7 20. Qb4 Nbd5 21. Qd2 Nb6 22. Qb4 Nbd5 23. Qd2 1/2-1/2

[Event "BRA-ch sf3"]
[Site "Brasilia"]
[Date "2012.07.21"]
[Round "2"]
[White "Nascimento, Pedro Henrique Alve"]
[Black "Rocha, Tarciso"]
[Result "1/2-1/2"]
[WhiteElo "1797"]
[BlackElo "1866"]
[PlyCount "95"]
[EventDate "2012.07.21"]
[EventType "swiss"]
[EventRounds "6"]
[EventCountry "BRA"]
[SourceTitle "EXT 2014"]
[Source "ChessBase"]
[SourceDate "2013.11.20"]
[SourceVersion "1"]
[SourceVersionDate "2013.11.20"]
[SourceQuality "1"]

1. d4 Nf6 2. c4 e6 3. Nc3 c5 4. e3 cxd4 5. exd4 Bb4 6. Qc2 d5 7. Nf3 Nc6 8. a3 Bxc3+ 9. Qxc3 0-0 10. Bg5 h6 11. Bh4 g5 12. Bg3 Bd7 13. Bd3 dxc4 14. Qxc4 Rc8 15. 0-0 Ne5 16. Qb3 Nxf3+ 17. gxf3 Bc6 18. Be5 Bxf3 19. Rac1 Ng4 20. Rxc8 Qxc8 21. Bh7+ Kxh7 22. Qxf3 Nxe5 23. dxe5 Qc6 24. Qd3+ Kg7 25. Rd1 Rc8 26. Qd4 b6 27. Rd2 Qf3 28. Rd1 Rc5 29. Re1 Rd5 30. Qe3 Qxe3 31. Rxe3 Rd2 32. b4 b5 33. Kg2 Kg6 34. Kg3 h5 35. h3 Ra2 36. f3 Kf5 37. h4 Rd2 38. hxg5 Kxg5 39. Rc3 Kf5 40. Rc7 Kxe5 41. Rxf7 Rd3 42. Rxa7 h4+ 43. Kxh4 Rxf3 44. Ra5 Kd4 45. Rxb5 Rxa3 46. Rb8 e5 47. b5 e4 48. b6 1/2-1/2

[Event "BRA-ch sf"]
[Site "Brasilia"]
[Date "2012.06.24"]
[Round "5"]
[White "Rocha, Tarciso"]
[Black "Ribeiro, Valdir Uchoa Jr"]
[Result "1/2-1/2"]
[WhiteElo "1858"]
[BlackElo "1917"]
[PlyCount "70"]
[EventDate "2012.06.16"]
[EventType "swiss"]
[EventRounds "6"]
[EventCountry "BRA"]
[SourceTitle "EXT 2014"]
[Source "ChessBase"]
[SourceDate "2013.11.20"]
[SourceVersion "1"]
[SourceVersionDate "2013.11.20"]
[SourceQuality "1"]

1. d4 Nf6 2. c4 e6 3. Nf3 b6 4. Bg5 Bb7 5. e3 Bb4+ 6. Nc3 h6 7. Bxf6 Bxc3+ 8. bxc3 Qxf6 9. Be2 0-0 10. 0-0 d6 11. Rc1 Nd7 12. Nd2 e5 13. Bf3 Bxf3 14. Nxf3 e4 15. Nd2 Qe7 16. Qa4 Rfd8 17. Qc6 Nf6 18. Qb5 Qd7 19. Qxd7 Rxd7 20. a4 d5 21. Rb1 dxc4 22. Nxc4 Rd5 23. Rfc1 a6 24. Nd2 Ra5 25. Ra1 b5 26. Nb3 Rxa4 27. Rxa4 bxa4 28. Nc5 a5 29. Ra1 Nd5 30. Nxe4 f5 31. Nc5 Nxc3 32. Nxa4 Nxa4 33. Rxa4 Kf7 34. f3 Ke6 35. Kf2 Kd5 1/2-1/2

[Event "BRA-ch Amateur"]
[Site "Brasilia"]
[Date "2012.03.31"]
[Round "5"]
[White "Sampaio Filho, Joao Rodrigues"]
[Black "Rocha, Tarciso"]
[Result "0-1"]
[WhiteElo "1785"]
[BlackElo "1858"]
[PlyCount "82"]
[EventDate "2012.03.24"]
[EventType "swiss"]
[EventRounds "7"]
[EventCountry "BRA"]
[SourceTitle "EXT 2014"]
[Source "ChessBase"]
[SourceDate "2013.11.20"]
[SourceVersion "1"]
[SourceVersionDate "2013.11.20"]
[SourceQuality "1"]

1. e4 c5 2. Nf3 d6 3. d4 cxd4 4. Nxd4 Nf6 5. Nc3 Nc6 6. Be2 e6 7. g4 Be7 8. g5 Nd7 9. h4 a6 10. Be3 Qc7 11. Qd2 b5 12. 0-0-0 Bb7 13. Bd3 Nce5 14. f4 Nxd3+ 15. Qxd3 Nc5 16. Qe2 b4 17. Nb1 Nxe4 18. Rhg1 Qa5 19. a3 bxa3 20. Nxa3 d5 21. Nb3 Qc7 22. Nb1 Rc8 23. Bd4 Qxf4+ 24. N1d2 0-0 25. Qh5 Qf5 26. Nxe4 Qxe4 27. Rd2 Qg6 28. Qe2 Bd6 29. h5 Qe4 30. Be3 Bf4 31. Bxf4 Qxf4 32. Rg4 Qc7 33. Qe3 Qe7 34. Nd4 Rfe8 35. Rf2 Rc4 36. g6 f5 37. Rg1 h6 38. Rgf1 Qd8 39. Qe5 Qf6 40. Re2 Qxe5 41. Rxe5 Rxd4 0-1

[Event "Brasilia-ch 51th sf3"]
[Site "Brasilia"]
[Date "2011.07.16"]
[Round "3.3"]
[White "Rocha, Tarciso"]
[Black "Rezende, Guilherme Vilela"]
[Result "0-1"]
[WhiteElo "1870"]
[BlackElo "2033"]
[PlyCount "114"]
[EventDate "2011.07.15"]
[EventType "swiss"]
[EventRounds "7"]
[EventCountry "BRA"]
[SourceTitle "EXT 2022"]
[Source "ChessBase"]
[SourceDate "2021.10.06"]
[SourceVersion "1"]
[SourceVersionDate "2021.10.06"]
[SourceQuality "1"]

1. d4 Nf6 2. c4 e6 3. Nf3 b6 4. Bg5 h6 5. Bxf6 Qxf6 6. e3 Bb7 7. Be2 Bb4+ 8. Nbd2 0-0 9. 0-0 g5 10. Ne5 d5 11. cxd5 Bxd5 12. a3 Be7 13. Rc1 c5 14. Bf3 Bxf3 15. Ndxf3 Rd8 16. Qc2 Nd7 17. Ng4 Qg7 18. dxc5 h5 19. c6 hxg4 20. Nd4 Nf6 21. c7 Rdc8 22. Qc6 Qg6 23. Qb7 Qe4 24. Nc6 Bd6 25. Rfd1 Bxc7 26. Ne7+ Kf8 27. Qxe4 Nxe4 28. Nxc8 Rxc8 29. g3 Ke7 30. Rd4 f5 31. b4 Nd6 32. a4 b5 33. a5 Nc4 34. e4 Be5 35. Rdd1 f4 36. gxf4 gxf4 37. Rd3 f3 38. h3 gxh3 39. Rxf3 Rg8+ 40. Kh1 h2 41. Rh3 Bf4 42. Rd1 Kf6 43. Rh7 Nd2 44. Rh3 Nxe4 45. Rf3 Kf5 46. Rxf4+ Kxf4 47. Rd7 Nxf2+ 48. Kxh2 e5 49. Rxa7 e4 50. a6 Ke3 51. Rf7 Nd3 52. Rb7 Ra8 53. a7 Ke2 54. Kg3 e3 55. Rxb5 Rxa7 56. Rb6 Rg7+ 57. Kh2 Kd2 0-1

[Event "Brasilia Valadares Memorial"]
[Site "Brasilia"]
[Date "2011.02.20"]
[Round "7.4"]
[White "Rocha, Tarciso"]
[Black "Mariano, Marceley Martins"]
[Result "0-1"]
[WhiteElo "1878"]
[BlackElo "2049"]
[PlyCount "90"]
[EventDate "2011.02.20"]
[EventType "swiss"]
[EventRounds "7"]
[EventCountry "BRA"]
[SourceTitle "EXT 2022"]
[Source "ChessBase"]
[SourceDate "2021.10.06"]
[SourceVersion "1"]
[SourceVersionDate "2021.10.06"]
[SourceQuality "1"]

1. d4 Nf6 2. c4 c5 3. Nf3 g6 4. Bf4 cxd4 5. Bxb8 Rxb8 6. Nxd4 Bg7 7. e3 0-0 8. Be2 Qb6 9. Qc2 d6 10. Nc3 Nd7 11. Nf3 Nc5 12. 0-0 Bf5 13. Qd2 Ne4 14. Nxe4 Bxe4 15. Nd4 g5 16. Rac1 Rbc8 17. b3 a6 18. Bg4 e6 19. Bf3 Bg6 20. g3 h5 21. Rfd1 Bf6 22. h3 Kg7 23. Ne2 Rcd8 24. Nc3 Qc7 25. Ne4 Be7 26. Qd4+ Kh6 27. Qd2 f5 28. Nc3 Bf6 29. Ne2 Be5 30. Bg2 h4 31. f4 Bf6 32. fxg5+ Bxg5 33. Nf4 Bf7 34. Qe2 hxg3 35. Qf3 Qc5 36. Qxg3 e5 37. Nd5 Bxd5 38. cxd5 Bxe3+ 39. Kh2 Bxc1 40. Qh4+ Kg6 41. Qe7 Bf4+ 42. Kh1 b5 43. Bf3 Qf2 44. Rg1+ Bg3 45. Qe6+ Rf6 0-1

[Event "Brasilia-ch sf2 50th"]
[Site "Brasilia"]
[Date "2010.06.27"]
[Round "6"]
[White "Rezende, Guilherme Vilela"]
[Black "Rocha, Tarciso"]
[Result "1-0"]
[WhiteElo "2023"]
[BlackElo "1878"]
[PlyCount "81"]
[EventDate "2010.06.19"]
[EventType "swiss"]
[EventRounds "7"]
[EventCountry "BRA"]
[SourceTitle "EXT 2012"]
[Source "ChessBase"]
[SourceDate "2011.11.24"]
[SourceVersion "1"]
[SourceVersionDate "2011.11.24"]
[SourceQuality "1"]

1. d4 Nf6 2. c4 e6 3. Nf3 c5 4. d5 exd5 5. cxd5 d6 6. Nc3 g6 7. e4 Bg7 8. Bd3 0-0 9. 0-0 a6 10. a4 Re8 11. h3 Nbd7 12. Re1 Nh5 13. g4 Nhf6 14. Bf4 Qe7 15. Ra3 Nf8 16. Nd2 N6d7 17. Nc4 Ne5 18. Nb6 Rb8 19. Bf1 Nfd7 20. Nxc8 Rexc8 21. Bg3 g5 22. f3 Qf6 23. Re3 c4 24. Kg2 b5 25. axb5 axb5 26. b4 cxb3 27. Rxb3 b4 28. Nb5 Ra8 29. Rxb4 Ra2+ 30. Be2 Rcc2 31. Nd4 Nc4 32. Nxc2 Rxc2 33. Rxc4 Rxc4 34. Bxc4 Qb2+ 35. Qe2 Qa1 36. Bxd6 Bd4 37. Qe1 Qb2+ 38. Re2 Qb6 39. e5 Bc5 40. Bxc5 Qxc5 41. e6 1-0

[Event "Sindilegis op-A"]
[Site "Sindilegis"]
[Date "2009.11.02"]
[Round "6"]
[White "Rocha, Tarciso"]
[Black "Navarro, Luiz Flavio"]
[Result "0-1"]
[WhiteElo "1957"]
[BlackElo "2047"]
[PlyCount "64"]
[EventDate "2009.10.31"]
[EventType "swiss"]
[EventRounds "6"]
[EventCountry "BRA"]
[SourceTitle "EXT 2012"]
[Source "ChessBase"]
[SourceDate "2011.11.24"]
[SourceVersion "1"]
[SourceVersionDate "2011.11.24"]
[SourceQuality "1"]

1. d4 Nf6 2. c4 c5 3. Nf3 g6 4. Bf4 cxd4 5. Bxb8 Rxb8 6. Nxd4 Bg7 7. e3 0-0 8. Be2 d5 9. Nc3 dxc4 10. Bxc4 e5 11. Ndb5 Qa5 12. 0-0 a6 13. Na3 b5 14. Be2 Be6 15. Nab1 Rfd8 16. Qc2 Rbc8 17. a3 Qb6 18. Rd1 Nd5 19. Bf3 Bh6 20. Bxd5 Bxd5 21. Qe2 Bc4 22. Rxd8+ Rxd8 23. Qe1 f5 24. Nd2 Bd3 25. Nf3 e4 26. Nd4 f4 27. Rd1 Rf8 28. Nd5 Qd6 29. Rxd3 exd3 30. e4 Qe5 31. Nc6 Qxb2 32. e5 d2 0-1

[Event "Brasiliense-ch 49th"]
[Site "Brasilia"]
[Date "2009.09.16"]
[Round "12.5"]
[White "Rocha, Tarciso"]
[Black "Lucena, Lincoln"]
[Result "0-1"]
[WhiteElo "1950"]
[BlackElo "2148"]
[PlyCount "120"]
[EventDate "2009.08.31"]
[EventType "tourn"]
[EventRounds "13"]
[EventCountry "BRA"]
[SourceTitle "EXT 2022"]
[Source "ChessBase"]
[SourceDate "2021.10.06"]
[SourceVersion "1"]
[SourceVersionDate "2021.10.06"]
[SourceQuality "1"]

1. d4 b5 2. Nf3 Bb7 3. e3 a6 4. c4 bxc4 5. Bxc4 e6 6. 0-0 Nf6 7. Nc3 d5 8. Bd3 Nbd7 9. Bd2 Bd6 10. Ne2 0-0 11. Rc1 Ne4 12. Ng3 f5 13. Ba5 Rc8 14. Qb3 Rb8 15. Qc2 Nb6 16. Ne5 Qh4 17. Qe2 Rf6 18. Qh5 Qxh5 19. Nxh5 Rh6 20. Ng3 Rd8 21. Rc2 g5 22. Ne2 f4 23. exf4 gxf4 24. f3 Ng5 25. Nxf4 Nf7 26. Nxf7 Kxf7 27. Nh3 Rg8 28. Kh1 Kf6 29. f4 Nc4 30. Bd2 Nxd2 31. Rxd2 Ke7 32. Re2 Kd8 33. Ng5 Ke7 34. Nh3 Rg4 35. Re3 Bc8 36. Be2 Rgh4 37. Rg3 Rg6 38. Rxg6 hxg6 39. Rf3 Kf6 40. Bd3 a5 41. a3 Bd7 42. Kg1 a4 43. Kf2 c5 44. dxc5 Bxc5+ 45. Ke2 Bd4 46. Rg3 Be8 47. Ba6 Bxb2 48. Bc8 Bb5+ 49. Kd2 Rh8 50. Bb7 Rb8 51. Bxd5 exd5 52. Ng5 Re8 53. Rh3 Re2+ 54. Kd1 Rxg2 55. Rh7 Kf5 56. Rf7+ Kg4 57. h3+ Kg3 58. f5 Bc4 59. fxg6 Bb3+ 60. Ke1 Bc3+ 0-1

[Event "Brasiliense-ch 49th"]
[Site "Brasilia"]
[Date "2009.09.14"]
[Round "10.6"]
[White "Rocha, Tarciso"]
[Black "Reis, Ernesto Guevara"]
[Result "1-0"]
[WhiteElo "1950"]
[BlackElo "1966"]
[PlyCount "145"]
[EventDate "2009.08.31"]
[EventType "tourn"]
[EventRounds "13"]
[EventCountry "BRA"]
[SourceTitle "EXT 2022"]
[Source "ChessBase"]
[SourceDate "2021.10.06"]
[SourceVersion "1"]
[SourceVersionDate "2021.10.06"]
[SourceQuality "1"]

1. d4 c5 2. Nf3 Nf6 3. c3 g6 4. Bf4 Bg7 5. e3 0-0 6. Be2 cxd4 7. exd4 d6 8. 0-0 b6 9. Nbd2 Bb7 10. Re1 Na6 11. Bb5 Nc7 12. Bc4 b5 13. Bb3 a5 14. Qe2 e6 15. Bg5 h6 16. Bh4 d5 17. Ne5 g5 18. Bg3 b4 19. cxb4 axb4 20. Rac1 Nce8 21. h4 Nd6 22. hxg5 hxg5 23. Qe3 Nfe4 24. Nxe4 Nxe4 25. Nc6 Bxc6 26. Rxc6 Nxg3 27. fxg3 Qf6 28. Rd1 Rfd8 29. Qd3 g4 30. Rb6 Rab8 31. Rxb8 Rxb8 32. Qa6 Qg5 33. Qd3 Rc8 34. a4 bxa3 35. bxa3 Rc1 36. a4 Rxd1+ 37. Bxd1 Qc1 38. Kh2 Qa1 39. Bc2 Qxd4 40. Qb5 Qf6 41. Qd3 Qh6+ 42. Kg1 Bf8 43. Qc3 Qg7 44. Qc8 Qd4+ 45. Kh2 Kg7 46. Qd8 Qe5 47. Qh4 f5 48. Qg5+ Kf7 49. Qh5+ Ke7 50. Qh7+ Kd8 51. Qh4+ Kd7 52. Qg5 Qh8+ 53. Qh4 Qxh4+ 54. gxh4 f4 55. Kg1 g3 56. Bd3 e5 57. Kf1 e4 58. Bb5+ Kc7 59. h5 Bg7 60. Ke2 Bh6 61. Be8 d4 62. Bg6 d3+ 63. Kd1 e3 64. Bxd3 f3 65. Be4 f2 66. Ke2 Kb8 67. a5 Ka7 68. Bd3 Bf4 69. Kf3 Bc7 70. a6 Kb6 71. Kxe3 Be5 72. h6 Bb2 73. h7 1-0

[Event "Brasiliense-ch 49th"]
[Site "Brasilia"]
[Date "2009.09.08"]
[Round "5.2"]
[White "Rocha, Tarciso"]
[Black "Shumyatsky, Victor"]
[Result "0-1"]
[WhiteElo "1950"]
[BlackElo "2214"]
[PlyCount "174"]
[EventDate "2009.08.31"]
[EventType "tourn"]
[EventRounds "13"]
[EventCountry "BRA"]
[SourceTitle "EXT 2022"]
[Source "ChessBase"]
[SourceDate "2021.10.06"]
[SourceVersion "1"]
[SourceVersionDate "2021.10.06"]
[SourceQuality "1"]

1. d4 Nf6 2. c4 e6 3. Nf3 Bb4+ 4. Nbd2 0-0 5. a3 Bxd2+ 6. Bxd2 Ne4 7. e3 d6 8. Bd3 Nxd2 9. Qxd2 Nd7 10. 0-0 b6 11. Qc2 h6 12. b4 Bb7 13. Be4 c6 14. Rac1 f5 15. Bd3 Qf6 16. Qe2 c5 17. Rfd1 e5 18. dxe5 dxe5 19. Bb1 Rad8 20. e4 f4 21. Rd2 Nb8 22. b5 Rxd2 23. Qxd2 Rd8 24. Qe2 Rd6 25. h3 Nd7 26. Rd1 Kf7 27. Nh2 Ke7 28. Nf3 g5 29. Rxd6 Qxd6 30. Qd3 Qe6 31. Nd2 h5 32. f3 Nf6 33. Bc2 g4 34. hxg4 hxg4 35. fxg4 Nxg4 36. Qh3 Qg6 37. Bd1 Nf6 38. Bf3 Qh7 39. Qxh7+ Nxh7 40. Nb1 Ng5 41. Nc3 Nf7 42. Be2 Nd6 43. Bd3 Kf6 44. Kf2 Kg5 45. g3 fxg3+ 46. Kxg3 Bc8 47. Nd5 Be6 48. Kf3 Bxd5 49. exd5 e4+ 50. Bxe4 Nxc4 51. a4 Kf6 52. Kf4 Ke7 53. Bg2 Kd6 54. Ke4 Nb2 55. Bf3 Nc4 56. Bg2 Ne5 57. Bh1 Ng4 58. Bf3 Nf6+ 59. Kd3 Nxd5 60. Kc4 Nc7 61. Bb7 Ne6 62. Bh1 Ng5 63. Bg2 Nf7 64. Bh1 Ke5 65. Bg2 Nd6+ 66. Kc3 Nf5 67. Bb7 Kf4 68. Bc6 Nd6 69. Ba8 Ke3 70. Bd5 Ne4+ 71. Kc4 Nf6 72. Bc6 Kd2 73. a5 Kc2 74. axb6 axb6 75. Bf3 Kd2 76. Bb7 Ke3 77. Ba8 Ne8 78. Bg2 Nd6+ 79. Kd5 c4 80. Kxd6 c3 81. Kc6 c2 82. Kxb6 c1Q 83. Bc6 Kd4 84. Kc7 Kc5 85. b6 Qb2 86. b7 Qb6+ 87. Kb8 Kxc6 0-1

[Event "Brasiliense-ch 49th"]
[Site "Brasilia"]
[Date "2009.09.02"]
[Round "3.3"]
[White "Rocha, Tarciso"]
[Black "Sergio Filho, Claudio Santos"]
[Result "0-1"]
[WhiteElo "1950"]
[BlackElo "1953"]
[PlyCount "92"]
[EventDate "2009.08.31"]
[EventType "tourn"]
[EventRounds "13"]
[EventCountry "BRA"]
[SourceTitle "EXT 2022"]
[Source "ChessBase"]
[SourceDate "2021.10.06"]
[SourceVersion "1"]
[SourceVersionDate "2021.10.06"]
[SourceQuality "1"]

1. d4 d5 2. Nf3 f5 3. c4 e6 4. g3 c6 5. cxd5 exd5 6. Bg2 Nf6 7. Bg5 Bd6 8. 0-0 0-0 9. Nc3 Nbd7 10. Rc1 Qe8 11. Bxf6 Nxf6 12. e3 h6 13. a3 a5 14. Na4 Bc7 15. Nc5 g5 16. Nd3 Ne4 17. Nfe5 Be6 18. f4 Kg7 19. Re1 a4 20. Re2 g4 21. Rec2 h5 22. Nc5 Bxe5 23. dxe5 Nxc5 24. Rxc5 h4 25. Qe1 Rh8 26. gxh4 Qe7 27. Qg3 Rxh4 28. R5c2 Rah8 29. Bf1 c5 30. Rxc5 Rxh2 31. R5c2 Rh1+ 32. Kf2 R8h2+ 33. Bg2 Rh3 34. Bxh3 Rxh3 35. Qg2 Qh4+ 36. Ke2 Rh2 37. Qxh2 Qxh2+ 38. Kd3 Qh3 39. Rc7+ Kg6 40. Re7 Bg8 41. Rxb7 Qf3 42. Rb6+ Kh5 43. Rb8 Qe4+ 44. Kd2 d4 45. Rxg8 Qxe3+ 46. Kc2 Qb3+ 0-1

[Event "Brasiliense sf 02"]
[Site "Brazil"]
[Date "2009.07.19"]
[Round "7"]
[White "Mendes, Daniel1"]
[Black "Rocha, Tarciso"]
[Result "1-0"]
[WhiteElo "1987"]
[BlackElo "1957"]
[PlyCount "67"]
[EventDate "2009.07.04"]
[EventType "swiss"]
[EventRounds "7"]
[EventCountry "BRA"]
[SourceTitle "EXT 2012"]
[Source "ChessBase"]
[SourceDate "2011.11.24"]
[SourceVersion "1"]
[SourceVersionDate "2011.11.24"]
[SourceQuality "1"]

1. d4 Nf6 2. c4 e6 3. Nc3 c5 4. d5 exd5 5. cxd5 d6 6. e4 g6 7. f4 Bg7 8. Nf3 0-0 9. Be2 a6 10. 0-0 b5 11. e5 Ne8 12. Be3 Bf5 13. Qd2 Qc7 14. Rad1 Nd7 15. e6 fxe6 16. dxe6 Bxe6 17. Ng5 Bf7 18. Bf3 Bxc3 19. bxc3 Rd8 20. Nxf7 Kxf7 21. Bd5+ Kg7 22. f5 Rxf5 23. Bh6+ Kh8 24. Rxf5 gxf5 25. Qg5 Ndf6 26. Qxf5 Qe7 27. Rf1 Qe5 28. Qf3 Nc7 29. Bf7 Ng8 30. Bf4 Qg7 31. Qe3 Rd7 32. Bxg8 Qxg8 33. Bh6 Rf7 34. Qd2 1-0

[Event "Brasiliense sf 01"]
[Site "Brazil"]
[Date "2009.06.04"]
[Round "4"]
[White "Rocha, Tarciso"]
[Black "Martins, Vilker Germano"]
[Result "1-0"]
[WhiteElo "1948"]
[BlackElo "2044"]
[PlyCount "41"]
[EventDate "2009.06.01"]
[EventType "swiss"]
[EventRounds "6"]
[EventCountry "BRA"]
[SourceTitle "EXT 2012"]
[Source "ChessBase"]
[SourceDate "2011.11.24"]
[SourceVersion "1"]
[SourceVersionDate "2011.11.24"]
[SourceQuality "1"]

1. d4 Nf6 2. c4 d6 3. Nc3 g6 4. e4 Bg7 5. f3 0-0 6. Be3 e5 7. d5 Kh8 8. Nge2 Ng8 9. Ng3 f5 10. exf5 gxf5 11. Bf2 Nf6 12. Be2 Rg8 13. Qc2 f4 14. Nge4 Bf5 15. Bd3 Nxe4 16. Nxe4 Nd7 17. 0-0-0 Qe7 18. h4 h6 19. Rdg1 Nf6 20. Nxf6 Bxd3 21. Nxg8 1-0